The business year : (Registro nro. 30557)
[ vista simple ]
| 000 -LÍDER | |
|---|---|
| campo de control de longitud fija | 01085nam a2200253Ia 4500 |
| 003 - IDENTIFICADOR DE NÚMERO DE CONTROL | |
| campo de control | OSt |
| 005 - FECHA Y HORA DE LA ÚLTIMA | |
| campo de control | 20240209212841.0 |
| 008 - ELEMENTOS DE DATOS DE LONGITUD FIJA - INFORMACIÓN GENERAL | |
| campo de control de longitud fija | 210310s2015 xxkabcdgr 000 0 eng d |
| 020 ## - NÚMERO INTERNACIONAL NORMALIZADO DEL LIBRO | |
| Número de libro estándar internacional | 9781912498970 |
| 040 ## - FUENTE DE CATALOGACIÓN | |
| Agencia de catalogación original | CO-JMCR |
| Agencia de transcripción | CO-JMCR |
| Idioma de catalogación | spa |
| Agencia modificadora | CO-JMCR |
| Convenciones de descripción | rda |
| 041 0# - CÓDIGO DE IDIOMA | |
| Código de idioma del texto/pista de sonido o título independiente | eng |
| 082 04 - NÚMERO DE CLASIFICACIÓN DECIMAL DEWEY | |
| Número de clasificación | 338.809861 |
| Número de artículo | C718b |
| Número de edición | 23 |
| 245 #4 - DECLARACIÓN DEL TÍTULO | |
| Título | The business year : |
| Resto del título | Colombia 2022-2023 |
| 260 ## - PUBLICACIÓN, DISTRIBUCIÓN, ETC. | |
| Lugar de publicación, distribución, etc. | Bogotá : |
| Nombre del editor, distribuidor, etc. | Medellin's Municipality, |
| Fecha de publicación, distribución, etc. | 2022 |
| 300 ## - DESCRIPCIÓN FÍSICA | |
| Medida | 196 páginas : |
| Otros detalles fisicos | ilustraciones, gráficos, fotografías y mapas a color ; |
| Dimensiones | 27 cm. |
| 490 ## - DECLARACIÓN DE LA SERIE | |
| Declaración de serie | The business year |
| 500 ## - NOTA GENERAL | |
| Nota general | Revista procesada como monografía |
| 505 0# - NOTA DE CONTENIDO FORMATEADO | |
| Nota de contenido formateada | Diplomacy. -- Economy. -- Finance. -- Energy y Mining. -- Industry. -- Transport. -- Real estate y construction. -- Agriculture. -- Health y education. -- Tourism. -- Executive guie. |
| 650 14 - ENTRADA AÑADIDA DE ASUNTO - TÉRMINO TEMÁTICO | |
| Fuente del encabezado o término | Desarrollo industrial |
| Subdivisión cronológica | 2014. |
| Subdivisión geográfica | Colombia |
| 9 (RLIN) | 26383 |
| Subdivisión general | Industry development |
| 650 24 - ENTRADA AÑADIDA DE ASUNTO - TÉRMINO TEMÁTICO | |
| Fuente del encabezado o término | Empresarios |
| Subdivisión general | Entrevistas |
| 9 (RLIN) | 37734 |
| 650 24 - ENTRADA AÑADIDA DE ASUNTO - TÉRMINO TEMÁTICO | |
| Fuente del encabezado o término | Desarrollo económico |
| Subdivisión geográfica | Colombia |
| 9 (RLIN) | 6913 |
| Subdivisión general | Economics Deveploment |
| 650 24 - ENTRADA AÑADIDA DE ASUNTO - TÉRMINO TEMÁTICO | |
| Fuente del encabezado o término | Industrias |
| Subdivisión geográfica | Colombia |
| 9 (RLIN) | 37735 |
| Subdivisión general | Industry |
| 942 ## - ELEMENTOS DE ENTRADA AÑADIDOS (KOHA) | |
| Source of classification or shelving scheme | Dewey Decimal Classification |
| Tipo de artículo Koha | Books |
| 999 ## - | |
| -- | 30557 |
| -- | 16941 |
| Estado retirado |
|---|